Synthesis and self-assembly studies of glycoside surfactants and chromonics /
Saved in:
| 主要作者: | |
|---|---|
| 格式: | Thesis 圖書 |
| 語言: | English |
| 出版: |
2012.
|
| 主題: | |
| 在線閱讀: | http://studentsrepo.um.edu.my/id/eprint/3735 |
| 標簽: |
添加標簽
沒有標簽, 成為第一個標記此記錄!
|
| LEADER | 01108cam a2200289 a 4500 | ||
|---|---|---|---|
| 001 | u870844 | ||
| 003 | SIRSI | ||
| 005 | 201212241724 | ||
| 008 | 121224s2012 my a t 000 0 eng m | ||
| 040 | |a UMM |d AUM |e rda | ||
| 090 | |a QD3 |b UMP 2012 San | ||
| 100 | 1 | |a Sani, Faramarz Aliasghari. | |
| 245 | 1 | 0 | |a Synthesis and self-assembly studies of glycoside surfactants and chromonics / |c Faramarz Aliasghari Sani. |
| 260 | |c 2012. | ||
| 300 | |a xxiii, 191 leaves : |b ill. ; |c 30 cm. | ||
| 502 | |a Thesis (Ph.D) -- Jabatan Kimia, Fakulti Sains, Universiti Malaya, 2012. | ||
| 504 | |a Bibliography: leaves 173-191. | ||
| 530 | |a Also issued in CD. | ||
| 650 | 0 | |a Organic compounds |x Synthesis. | |
| 650 | 0 | |a Surface active agents. | |
| 650 | 0 | |a Liquid crystals. | |
| 710 | 2 | |a Universiti Malaya. |b Jabatan Kimia. | |
| 856 | 4 | 1 | |u http://studentsrepo.um.edu.my/id/eprint/3735 |
| 900 | |a AT-ZA | ||
| 596 | |a 1 25 | ||
| 999 | |a QD3 UMP 2012 SAN |w LC |c 1 |i A515290890 |d 26/9/2013 |f 26/9/2013 |g 1 |l STACKS |m P01UTAMA |r Y |s Y |t TESIS |u 24/9/2013 | ||
| 999 | |a QD3 UMP 2012 SAN |w LC |c 1 |i A515365111 |l STACKS |m P25UMARCHI |r Y |s Y |t CD |u 10/7/2015 |1 STEM | ||
